000 00236nam a2200097Ia 4500
001 759550
005 20250826164918.0
008 250824s9999 xx 000 0 und d
245 0 _aSECDE
_cALİ AKPINAR
260 _bKİTAP DÜNYASI YAYINLARI
999 _c759550
_d759550